Hamāqaten̲. (Record no. 608652)
[ view plain ]
| 000 -LEADER | |
|---|---|
| fixed length control field | 00764cam a22002651 4500 |
| 001 - CONTROL NUMBER | |
| control field | 9865526 |
| 005 - DATE AND TIME OF LATEST TRANSACTION | |
| control field | 20240311141058.0 |
| 008 - FIXED-LENGTH DATA ELEMENTS--GENERAL INFORMATION | |
| fixed length control field | 790108s1963 ii 000 1 urds |
| 010 ## - LIBRARY OF CONGRESS CONTROL NUMBER | |
| LC control number | sa 65009703 |
| 035 ## - SYSTEM CONTROL NUMBER | |
| System control number | (OCoLC)4530228 |
| 040 ## - CATALOGING SOURCE | |
| Original cataloging agency | DLC |
| Transcribing agency | NSbSU |
| Modifying agency | DLC |
| 042 ## - AUTHENTICATION CODE | |
| Authentication code | premarc |
| 050 00 - LIBRARY OF CONGRESS CALL NUMBER | |
| Classification number | PK2200.S428 |
| Item number | H3 |
| 082 ## - DEWEY DECIMAL CLASSIFICATION NUMBER | |
| Classification number | 891.4397 |
| Author Mark | SHA |
| 100 0# - MAIN ENTRY--PERSONAL NAME | |
| Personal name | Shafīqurraḥmān, |
| Dates associated with a name | 1920-1999. |
| 9 (RLIN) | 3091 |
| 245 10 - TITLE STATEMENT | |
| Title | Hamāqaten̲. |
| Statement of responsibility, etc. | [musannif] Shafiqurraḥman. |
| 260 ## - PUBLICATION, DISTRIBUTION, ETC. | |
| Place of publication, distribution, etc. | Dihlī |
| Name of publisher, distributor, etc. | Sikandar Buk Dipū. |
| Date of publication, distribution, etc. | [1963?] |
| 300 ## - PHYSICAL DESCRIPTION | |
| Extent | 256 p. |
| Dimensions | 19 cm. |
| 500 ## - GENERAL NOTE | |
| General note | In Arabic script. |
| 500 ## - GENERAL NOTE | |
| General note | In Urdu. |
| 880 ## - ALTERNATE GRAPHIC REPRESENTATION | |
| Linkage | 245-02\r |
| Title | حماقتیں |
| 880 ## - ALTERNATE GRAPHIC REPRESENTATION | |
| Linkage | 100-01\r |
| Title | شفیق الرحمن |
| 906 ## - LOCAL DATA ELEMENT F, LDF (RLIN) | |
| a | 7 |
| b | cbc |
| c | oclcrpl |
| d | u |
| e | ncip |
| f | 19 |
| g | y-gencatlg |
| 942 ## - ADDED ENTRY ELEMENTS (KOHA) | |
| Source of classification or shelving scheme | |
| Koha item type | Book |
| Withdrawn status | Lost status | Source of classification or shelving scheme | Damaged status | Not for loan | Permanent Location | Current Location | Shelving location | Date acquired | Total Checkouts | Total Renewals | Full call number | Barcode | Date last seen | Price effective from | Koha item type |
|---|---|---|---|---|---|---|---|---|---|---|---|---|---|---|---|
| Central Library (CL) | Central Library (CL) | Urdu Literature | 03/11/2024 | 2 | 891.4397 SHA | SEECS006333 | 02/01/2025 | 03/11/2024 | Book |
